<An> Outline of American History
Salvato in:
| Natura: | Libro |
|---|---|
| Lingua: | inglese |
| Pubblicazione: |
Washington
United States Information Agency
[1992]
|
| Edizione: | 1. ed. |
| Soggetti: | |
| Tags: |
Nessun Tag, puoi essere il primo ad aggiungerne!!
|
MARC
| LEADER | 00000nam a2200000 4500 | ||
|---|---|---|---|
| 001 | c005470 | ||
| 005 | 20221206083441.7 | ||
| 041 | 0 | |a eng | |
| 044 | |a US | ||
| 245 | 1 | 0 | |a <An> Outline of American History |
| 250 | |a 1. ed. | ||
| 264 | 1 | |a Washington |b United States Information Agency |c [1992] | |
| 300 | |a 197 s. | ||
| 610 | 2 | 0 | |a USA |
| 610 | 2 | 0 | |a história |
| 610 | 2 | 0 | |a vojny |
| 610 | 2 | 0 | |a nezávislosť |
| 610 | 2 | 0 | |a vláda |
| 610 | 2 | 0 | |a reformy hospodárske |
| 610 | 2 | 0 | |a reformy sociálne |